One direction quiz! (spanish-español) - Estadísticas

Estadísticas generales
  • Esta prueba ha sido intentada 1.799 veces
  • La puntuación promedio es 20 de 52
Estadísticas de respuestas
Respuesta % Correcto
Quien nombro al grupo? Harry
95%
Quien es el mas joven? Harry
95%
Niall es rubio de nacimiento. Verdadero o falso? Falso
93%
Niall odia a Justin Bieber. Verdadero o falso? Falso
93%
Zayn no hizo un cover de "You belong with me". Verddadero o falso? Falso
93%
Cual fue su primer video? What makes you beautiful
73%
Como se llama el segundo disco? Take me home
72%
"Harry" no es su nombre de nacimiento. Verdadero o falso? Verdadero
71%
Se pronuncia Lui o Louis? Lui
67%
Nombre completo de Harry: Harry Edward Styles Cox
59%
Nombre completo de Niall: Niall James Horan Gallagher
59%
Nombre completo de Liam: Liam James Payne Smith
56%
Nombre completo de Louis: Louis William Tomlinson Lewis
53%
En que cancion se menciona a Katy Perry? up all night
47%
Como se llama la madre de Harry? Anne
40%
Que cancion cantaron en la casa de los jueces ? (x factor) Torn
40%
Cuantas "r" hay? 6
39%
"Shut the door" Que cancion es? moments
39%
"you keep making me week, yeah, frozen and can't breathe" Que cancion es? one thing
39%
"If i'm louder, wold you see me?" Que cancion es? more than this
38%
Nombre completo de Zayn Zayn Jaawad Malik Army
36%
"I'm the foolish one that you anointet with your heart" Que cancion es? Gotta be you
35%
"We'll be doing what we do, just pretendingthat we're cool" Que cancion es? Live while we're young
34%
Que famosa estuvo en la audicion de Niall? Katy Perry
33%
"Let me take you higher, let me prove it" Que cancion es? Another world
32%
"But you're not into them at all you just want materials" Que cancion es? i want
31%
"Now that you can't have me, you sudenly want me" Que cancion es? taken
31%
Que cancion canto Liam en su segunda audicion? Cry me a river
30%
"I like the way you smile, with your eyes" Que cancion es? Everything about you
30%
Que cancion canto Harry en su audicion? Isn't she lovely
30%
Como se llama la madre de Louis? Johanna
27%
Fecha de nacimiento de Niall: 13 de septiembre de 1993
26%
Como se llama la madre de Niall? Maura
26%
"under the lights tonight, you turned around" Que cancion es? Stole my heart
26%
Fecha de nacimiento de Zayn: 12 de Enero de 1993
23%
Que cancion canto Louis en su audicion? Hey there delilah
23%
"When you walk by, i try to say it, but then i freeze, and never do it" Que cancion es? i wish
23%
Fecha de nacimiento de Louis: 24 de Diciembre de 1991
21%
Que cancion canto Niall en su audicion? So sick
21%
"I would walk through the desert, i would walk through the aisle" Que cancion es? stand up
21%
Como se llama la madre de Liam? Karen
20%
Fecha de nacimiento de Liam: 29 de agosto de 1993
19%
Que cancion canto Zayn en su audicion? Let me love you
19%
"you wanna party too late, but when i do the same all you do is complain" Que cancion es? na na na
19%
"We know where it takes us, we've been before" Que cancion es? same mistakes
19%
"You sould've open your eyes but they stay closed" Que cancion es? save you tonight
18%
"well you're the charming type, that little twinkle in your eye" Que cancion es? tell me a lie
18%
Como se llama la madre de Zayn? Trisha
18%
Cuantos "You" hay en Everything about you? 45
13%
Fecha de nacimiento de Harry: 1 Febrero 1994
12%
Que cancion canto en su primera audicion? Fly me to the moon
7%
"It's all that i can think about, oh, you are all that i can think about" Que cancion es? I should've kiss you
5%
No se encontraron pruebas coincidentes
Distribución de puntuación
Porcentaje de gente con cada puntuación
Porcentaje por número respondido
Historial de tus puntuaciones
No has intentado esta prueba.